UBT Library

Geriatric issues in occupational therapy : (Record no. 41748)

000 -LEADER
fixed length control field 00886cam a22002657a 4500
001 - CONTROL NUMBER
control field 13345561
005 - DATE AND TIME OF LATEST TRANSACTION
control field 20180205070751.0
008 - FIXED-LENGTH DATA ELEMENTS--GENERAL INFORMATION
fixed length control field 030916s2003 mdua b 001 0 eng d
010 ## - LIBRARY OF CONGRESS CONTROL NUMBER
LC control number 2003112940
020 ## - INTERNATIONAL STANDARD BOOK NUMBER
International Standard Book Number 156900188X
035 ## - SYSTEM CONTROL NUMBER
System control number (OCoLC)ocm54345670
040 ## - CATALOGING SOURCE
Original cataloging agency IWU
Transcribing agency IWU
Modifying agency VET
-- OCLCQ
-- DLC
041 ## - LANGUAGE CODE
Language code of text/sound track or separate title eng
042 ## - AUTHENTICATION CODE
Authentication code lccopycat
080 ## - UNIVERSAL DECIMAL CLASSIFICATION NUMBER
Universal Decimal Classification number 615.8.515.0846 mar
082 00 - DEWEY DECIMAL CLASSIFICATION NUMBER
Classification number 615.8.515.0846 mar
Edition number 22
100 ## - Rafti
Rafti 8
101 ## - Shkurtesa
Shkurtesa ort
245 00 - TITLE STATEMENT
Title Geriatric issues in occupational therapy :
Statement of responsibility, etc edited by Mary A. Corcoran.
504 ## - BIBLIOGRAPHY, ETC. NOTE
Bibliography, etc Includes bibliographical references and index.
906 ## - LOCAL DATA ELEMENT F, LDF (RLIN)
a 7
b cbc
c copycat
d 2
e epcn
f 20
g y-gencatlg
942 ## - ADDED ENTRY ELEMENTS (KOHA)
Source of classification or shelving scheme
Item type Books
Holdings
Withdrawn status Lost status Source of classification or shelving scheme Damaged status Not for loan Collection code Permanent location Current location Shelving location Date acquired Total Checkouts Full call number Barcode Date last seen Price effective from Koha item type
          Koleksioni i përgjithshem UBT - Lipjan UBT - Lipjan Koleksioni i përgjithshem 02/05/2018   615.8.515.0846 mar 002-2997627 02/05/2018 02/05/2018 Books
UBT Library © 2015-2024. All rights reserved University Education for Business and Technology